000 01181cam a22002891i 4500
003 SA_RiAUC
005 20250610091204.0
008 250604s2009____su g 000 0bara c
020 _z978603003135
020 _z9786030031351
040 _aSA-MaHRM
_bara
_cSA-RiAUC
_erda
043 _aa-su---
082 0 4 _a922.11309531
090 _a922.11309531
_b ب ص ن
100 1 _aبصنوي، إبراهيم حمزة
_eمؤلف.
245 1 0 _aحمزة محمد عبد الله بصنوي في زحمة الحياة :
_bذكريات وعظات /
_cإبراهيم حمزة بصنوي.
264 1 _aمكة المكرمة :
_bإبراهيم حمزة بصنوي،
_c2009
300 _a272 صفحة ؛
_c23 سم
336 _aنص
_btxt
_2rdacontent
_3كتاب
337 _aبدون وسيط
_bn
_2rdamedia
338 _aمجلد
_bnc
_2rdacarrier
520 0 _aيتناول سيرة وحياة المؤذن الشيخ حمزة محمد بصنوي.
600 1 7 _aبصنوي، حمزة محمد عبد الله،
_d1338-1406 هجري
_2aucnm
650 7 _aالدعاة السعوديون
_vتراجم
_2aucsh
942 _2ddc
_cBOOK
_n0
949 _aSA-JeALM
_d250604
_umohamedma123
_n1
999 _c8768
_d8768